000 00412nam a2200181Ia 4500
001 19423
005 20260306172652.0
008 260306t2013||||xx |||||||||||||| ||spa||
041 _aESP
082 _a344C4
_bG81
110 _aEditora y Librería Jurídica Grijley E.I.R.L.
245 0 _aCódigo penal
260 _c2013
300 _a
_c
650 _aGEN
654 _aCDE
942 _cLIB
_dJUS
_fJUS
_2ddc
_n
999 _c19423
_d19423